000
00498nam a2200181Ia 4500
008
090124s9999 xx 000 0 und d
082
_b
30843
100
_a
भागवत शशी
245
_a
मर्मभेद
250
_a
0
260
_b
ज्ञानदा प्रकाशन
_c
1992
300
_a
485
600
_a
भागवत शशी
630
_a
मर्मभेद
700
_a
भागवत शशी
730
_a
मर्मभेद
942
_c
BOOK
999
_c
96557
_d
96557